000 00725nam a2200217Ia 4500
003 GCL
008 140319s9999 xx 000 0 ara d
020 _a904270977
040 _aGCL /
_cGCL
082 0 4 _a920.71
_bس ع
100 1 _aمصطفى الشكعة
245 1 0 _aعبدالوهاب عزام رائدا ومفكرا ( 1894 - 1959 م ) /
_cمصطفى الشكعة
700 1 _aالسباعى محمد السباعى
250 _aالاولى
260 _aالقاهرة :
_bالدار المصرية اللبنانية ،
_c2005
300 _a512 ص ؛
_c24 سم
650 0 4 _aالرجال - تراجم
650 0 4 _aالادباء - تراجم
650 0 4 _aعبدالوهاب عزام
942 _2ddc
_cBK
999 _c8022
_d8022